| 000 | 00548nam a2200169 4500 | ||
|---|---|---|---|
| 008 | 0 1992 0a 000 0MEX | ||
| 020 | _a0-7821-1046-0 | ||
| 050 | _aHF5548.4 Q39 S5718 | ||
| 082 | _a001.642.5 S795a | ||
| 100 | _aSimpson, Alan | ||
| 245 | _aEl ABC De Quatro Pro para Windows / Alan Simpson... [et al]. | ||
| 260 | _aMéxico : Sybex | ||
| 300 | _axxiv, 367 p. / 24 cm. | ||
| 500 | _aContiene Ap‚ndice e Indice | ||
| 650 | _a1.NEGOCIOS-PROCESAMIENTO DE DATOS \ 2.HOJA ELECTRONICA DE CALCULO | ||
| 700 | _aWolf, Douglas J. | ||
| 999 |
_c12711 _d12711 |
||